Wiener Autobuslinien Betreiber - Statistiken

Allgemein
  • Dieses Quiz wurde 66 mal gespielt
    6 seit der letzten Aktualisierung
  • Das Durchschnittsergebnis liegt bei 44 aus 115
Antwortstatistiken
Linie Betreiber % Korrekt
1A Wiener Linien
100%
2A Wiener Linien
67%
3A Wiener Linien
67%
4A Wiener Linien
67%
7A Wiener Linien
67%
9A Wiener Linien
67%
10A Wiener Linien
67%
11A Wiener Linien
67%
11B Wiener Linien
67%
12A Wiener Linien
67%
13A Wiener Linien
67%
14A Wiener Linien
67%
15A Wiener Linien
67%
17A Wiener Linien
67%
24A Wiener Linien
67%
8A Blaguss
33%
27A Blaguss
33%
47B Blaguss
33%
51A Blaguss
33%
52A Blaguss
33%
52B Blaguss
33%
65A Blaguss
33%
67A Blaguss
33%
67B Blaguss
33%
86A Blaguss
33%
87A Blaguss
33%
22A Dr. Richard
33%
30A Dr. Richard
33%
34A Dr. Richard
33%
42A Dr. Richard
33%
43A Dr. Richard
33%
43B Dr. Richard
33%
44A Dr. Richard
33%
45A Dr. Richard
33%
46A Dr. Richard
33%
46B Dr. Richard
33%
72A Dr. Richard
33%
73A Dr. Richard
33%
76A Dr. Richard
33%
76B Dr. Richard
33%
77A Dr. Richard
33%
79A Dr. Richard
33%
79B Dr. Richard
33%
85A Dr. Richard
33%
93A Dr. Richard
33%
95A Dr. Richard
33%
95B Dr. Richard
33%
96A Dr. Richard
33%
97A Dr. Richard
33%
98A Dr. Richard
33%
99A Dr. Richard
33%
99B Dr. Richard
33%
5A Gschwindl
33%
5B Gschwindl
33%
19A Gschwindl
33%
25A Gschwindl
33%
37A Gschwindl
33%
41A Gschwindl
33%
53A Gschwindl
33%
54A Gschwindl
33%
54B Gschwindl
33%
68A Gschwindl
33%
68B Gschwindl
33%
80A Gschwindl
33%
92A Gschwindl
33%
92B Gschwindl
33%
26A Wiener Linien
33%
27B Wiener Linien
33%
28A Wiener Linien
33%
29A Wiener Linien
33%
29B Wiener Linien
33%
31A Wiener Linien
33%
32A Wiener Linien
33%
35A Wiener Linien
33%
36A Wiener Linien
33%
36B Wiener Linien
33%
38A Wiener Linien
33%
39A Wiener Linien
33%
40A Wiener Linien
33%
48A Wiener Linien
33%
57A Wiener Linien
33%
59A Wiener Linien
33%
61A Wiener Linien
33%
61B Wiener Linien
33%
62A Wiener Linien
33%
63A Wiener Linien
33%
64A Wiener Linien
33%
64B Wiener Linien
33%
66A Wiener Linien
33%
69A Wiener Linien
33%
70A Wiener Linien
33%
71A Wiener Linien
33%
71B Wiener Linien
33%
74A Wiener Linien
33%
82A Wiener Linien
33%
84A Wiener Linien
33%
88A Wiener Linien
33%
88B Wiener Linien
33%
89A Wiener Linien
33%
94A Wiener Linien
33%
7B Wiener Lokalbahnen
33%
16A Wiener Lokalbahnen
33%
47A Wiener Lokalbahnen
33%
49A Wiener Lokalbahnen
33%
50A Wiener Lokalbahnen
33%
50B Wiener Lokalbahnen
33%
60A Wiener Lokalbahnen
33%
ZF Rundkurs Wiener Lokalbahnen
33%
20A ZuklinBus
33%
20B ZuklinBus
33%
33A ZuklinBus
33%
56A ZuklinBus
33%
56B ZuklinBus
33%
58A ZuklinBus
33%
58B ZuklinBus
33%
Keine übereinstimmenden Quizze gefunden
Verteilung der Resultate
Anzahl Personen mit jedem Resultat
Perzentil nach korrekt beantworteten Fragen
Ihre Resultats-Entwicklung
Sie haben dieses Quiz seit der letzten Aktualisierung nicht gespielt